LEADER 01036nam a2200277 i 4500 001 000000237829 003 CaOOAMICUS 005 20210830135028.0 008 180830n it u000 u ita u 013 $a216734 040 $aSeMil$bita 245 10$aPresentazione Romite Ambrosiane. 260 $a[S.l. :$bs.n.],$c[19-?] 300 $a1 CD. 500 $aRiproduzione. 650 4$aRomite Ambrosiane.$0(OLS)http://semarc/subject/8705 710 2 $aRomite dell'Ordine di S. Ambrogio ad Nemus.$0(OLS)http://semarc/name/7629 850 $aSeMil 852 $aSeMil$W1$xVenegono$y1$mMM A 59$j224471$B235541$CSeMilBibl$Z2$F235541 $8I 910 2 $aMonastero Romite Ambrosiane$c. 910 2 $aRomite Ambrosiane$c. 996 $6245$aPresentazione Romite Ambrosiane$9(OLS)http://semarc/title/339018 996 $6260$a[S.l. :$bs.n.]$9(OLS)http://semarc/publisher/29751 LEADER 01113nam a2200277 i 4500 001 000000053492 003 CaOOAMICUS 005 20161215000000.0 008 161215s2016 it u000 u ita u 013 $a24664 020 $a978-88-8916-314-6 040 $aSeMil$bita 245 10$aW. Eugene Smith :$b"Usate la verità come pregiudizio" /$ca cura di Enrica Viganò. 260 $a[S.l.] :$bAdmira,$cstampa 2016. 300 $a114 p. :$bill. ;$c23 cm. 490 0 $aQuaderni CMC ;$v9 500 $aContiene : Biografia. 650 4$aSmith, W. Eugene .$0(OLS)http://semarc/subject/11001 700 1 $aViganò, Enrica.$0(OLS)http://semarc/name/26408 830 0$aQuaderni CMC ;$v9.$0(OLS)http://semarc/title/45377 850 $aSeMil 852 $aSeMil$W1$xVenegono$y1$m5X VI 61$j19646$B19646$CSeMilBibl$Z2$F19648 $81 961 $aOmaggio: Altro 996 $6020$a978-88-8916-314-6$9(OLS)http://semarc/number/28214 996 $6245$aW. Eugene Smith :$b"Usate la verità come pregiudizio"$9(OLS)http://semarc/title/82422 996 $6260$a[S.l.] :$bAdmira$9(OLS)http://semarc/publisher/39646 LEADER 01020nam a2200265 i 4500 001 000000116037 003 CaOOAMICUS 005 20030606000000.0 008 030606s1998 it u000 u ita u 013 $a88726 020 $a88-7890-155-4 040 $aSeMil$bita 100 1 $aPesci, Giovanni.$0(OLS)http://semarc/name/48464 245 10$a10 anni di Papa Giovanni in Bulgaria /$cGiovanni Pesci. 260 $aMilano :$bGreco & Greco,$ccopyr. 1998. 300 $a283 p. ;$c21 cm. 500 $aFondo Card. C.M. Martini. 600 04$aGiovanni XXIII .$0(OLS)http://semarc/subject/3422 850 $aSeMil 852 $aSeMil$W1$xVenegono$y1$m3A II 68$j71520$B71520$CSeMilBibl$Z2$F85141 $81 941 1 $a4 961 $aOmaggio: Martini Card. Carlo Maria 996 $6020$a88-7890-155-4$9(OLS)http://semarc/number/100027 996 $6245$a10 anni di Papa Giovanni in Bulgaria$9(OLS)http://semarc/title/170074 996 $6260$aMilano :$bGreco & Greco$9(OLS)http://semarc/publisher/40702 LEADER 00815nam a2200205 i 4500 001 000000212908 003 CaOOAMICUS 005 20120503000000.0 008 120503s1827 fr u000 u fre u 013 $a191758 026 $ateui t:ue reue doqu (3) 1827 (A) 040 $aSeMil$bita 245 10$aTome 3. 300 $a290 p. 490 0 $aBibliothèque française 773 0 $aRabutin-Chantal, Marie : de $tLettres de Madame de Sévigné à sa fille et à ses amis.$dA Paris : Chez Ménard et Desenne, 1827.$kBibliothèque française$g3$w()26689 830 0$aBibliothèque française.$0(OLS)http://semarc/title/36045 850 $aSeMil 852 $aSeMil$W1$xVenegono$y1$m1V I 19 FA$j163338$B163338$CSeMilBibl$Z2$F174443 $8I 996 $6245$aTome 3$9(OLS)http://semarc/title/1575